|
|
|
|
| LEADER |
01311nam a2200253 i 4500 |
| 003 |
GR-PaULI |
| 005 |
20210117210944.0 |
| 008 |
190523s2008 gr a g 000 p gre d |
| 952 |
|
|
|0 0
|1 0
|2 ddc
|4 0
|6 889_630000000000000_ΓΘΕ
|7 0
|9 234747
|a LISP
|b LISP
|c BSC
|d 2019-09-03
|i 12999
|l 0
|o 889.63 ΓΘΕ
|p 025000264716
|r 2019-09-03 00:00:00
|t 1
|v 2019.00
|w 2019-09-03
|y BK15
|
| 999 |
|
|
|c 142314
|d 142314
|
| 020 |
|
|
|a 9789600513639
|
| 040 |
|
|
|a GR-PaULI
|b gre
|c GR-PaULI
|e AACR2
|
| 082 |
0 |
4 |
|2 23
|a 889.63
|
| 245 |
0 |
0 |
|a Γ. Θεοτοκάς - Γ. Κ. Κατσίμπαλης :
|b αλληλογραφία (1930-1966) /
|c Χ. Λ. Καράογλου, Αμαλία Ξυνογαλά.
|
| 260 |
|
|
|a Αθήνα :
|b Εστία,
|c 2008.
|
| 300 |
|
|
|a 173 σ. :
|b εικ. ;
|c 20 εκ.
|
| 490 |
1 |
|
|a Νεοελληνικές μελέτες (Εστία)
|v 4.
|
| 600 |
1 |
4 |
|9 53535
|a Θεοτοκάς, Γιώργος,
|d 1905-1966
|x Αλληλογραφία.
|
| 600 |
1 |
4 |
|a Κατσίμπαλης, Γ. Κ.,
|d 1899-1978
|q
|x Αλληλογραφία
|9 78445
|
| 700 |
1 |
|
|9 32763
|a Καράογλου, Χαράλαμπος Λ.,
|d 1946-
|e επιμελητής.
|
| 700 |
1 |
|
|9 177644
|a Ξυνογαλά, Αμαλία
|e επιμελήτρια.
|
| 830 |
|
0 |
|9 177645
|a Νεοελληνικές μελέτες (Εστία)
|v 4.
|
| 942 |
|
|
|2 ddc
|c BK15
|
| 998 |
|
|
|c ΜΠΟΥΡΑΣ
|d 2019-09
|